| 000 | 00854nas a2200289 4500 | ||
|---|---|---|---|
| 001 | BR9800341 | ||
| 003 | BR-BrBNA | ||
| 005 | 20231205100702.0 | ||
| 007 | ta | ||
| 008 | 230509b bl.|||p| |||| 00| 00por d | ||
| 040 |
_aBR-BrBNA _bpor _cBiblioteca Nacional de Agricultura |
||
| 041 | _a(Pt) | ||
| 072 | _aP33 | ||
| 100 | 1 | _aMendonca, A.A. de | |
| 100 | 1 | _aSantos, M.F. dos | |
| 100 | 1 | _aLima, D.C. de | |
| 100 | 1 | _aBueno, B. de S. | |
| 100 | 1 | _aFontes, M.P.F. | |
| 245 | 1 | _aResistencia mecanica de misturas solo-cal: estudo de caso com dois solos de Vicosa, MG | |
| 650 | _aMecanica do Solo | ||
| 650 | _aSolo | ||
| 650 | _aCal Virgem | ||
| 650 | _aMinas Gerais | ||
| 773 | 0 |
_tRevista Arvore (Brazil) _xISSN 0100-6762 _g(Jul-Sep 1997), v. 21(3) p. 365-368 _wBR9800341 |
|
| 909 |
_a202311 _bLúcia _c55 _dLúcia Elande |
||
| 942 |
_2AGRIS _n0 _cANA |
||
| 999 |
_c157460 _d157460 |
||